[Event "Geraardsbergen op 36th"]
[Site "Geraardsbergen"]
[Date "2021.08.11"]
[Round "7"]
[White "Smekens, Ruben"]
[Black "Himpenmacher, Andy"]
[Result "0-1"]
[WhiteElo "2026"]
[BlackElo "2209"]
[PlyCount "74"]
[EventDate "2021.08.08"]
[EventType "swiss"]
[EventRounds "9"]
[EventCountry "BEL"]
[SourceTitle "CBM 203 Extra"]
[Source "ChessBase"]
[SourceDate "2021.09.30"]
[SourceVersion "1"]
[SourceVersionDate "2021.09.30"]
[SourceQuality "1"]

1. e4 e6 2. d4 d5 3. Nc3 Nf6 4. e5 Nfd7 5. f4 c5 6. Nf3 Nc6 7. Be3 a6 8. Be2 b5 9. a3 Qb6 10. dxc5 Bxc5 11. Bxc5 Qxc5 12. Bd3 b4 13. Ne2 bxa3 14. bxa3 a5 15. Qd2 Ba6 16. Bxa6 Rxa6 17. Ned4 0-0 18. Qd3 Nxd4 19. Nxd4 Rb6 20. 0-0 Rc8 21. Rae1 Qc3 22. Rb1 h6 23. Rxb6 Nxb6 24. Rb1 Na4 25. Kf2 Qc7 26. Kg3 Nc5 27. Qe3 Ne4+ 28. Kf3 Qc3 29. Rd1 Qb2 30. Rd3 Qa1 31. Ke2 a4 32. g4 Nc3+ 33. Kf3 Qh1+ 34. Kg3 Ne4+ 35. Kh3 Qf1+ 36. Kh4 g5+ 37. fxg5 hxg5+ 0-1

[Event "Geraardsbergen op 35th"]
[Site "Geraardsbergen"]
[Date "2019.08.16"]
[Round "6"]
[White "Smekens, Ruben"]
[Black "Debrouwere, Jeroen"]
[Result "1-0"]
[WhiteElo "2049"]
[BlackElo "1907"]
[PlyCount "45"]
[EventDate "2019.08.14"]
[EventType "swiss"]
[EventRounds "9"]
[EventCountry "BEL"]
[SourceTitle "CBM 191 Extra"]
[Source "ChessBase"]
[SourceDate "2019.09.30"]
[SourceVersion "1"]
[SourceVersionDate "2019.09.30"]
[SourceQuality "1"]

1. e4 c5 2. Nf3 d6 3. d4 cxd4 4. Nxd4 Nf6 5. Nc3 a6 6. a4 Bd7 7. Be2 Nc6 8. 0-0 g6 9. Be3 Bg7 10. f4 Rc8 11. Bf3 h5 12. h3 Nxd4 13. Bxd4 Qa5 14. e5 dxe5 15. fxe5 Ng4 16. e6 Bxe6 17. Bxg7 Ne3 18. Qc1 Nxf1 19. Bxh8 Qc5+ 20. Kxf1 Bc4+ 21. Ne2 Qf5 22. c3 f6 23. Kg1 1-0

[Event "Erfurt op 28th"]
[Site "Erfurt"]
[Date "2018.12.30"]
[Round "8"]
[White "Smekens, Ruben"]
[Black "Feldmann, Johannes"]
[Result "0-1"]
[WhiteElo "2059"]
[BlackElo "2212"]
[PlyCount "56"]
[EventDate "2018.12.26"]
[EventType "swiss"]
[EventRounds "8"]
[EventCountry "GER"]
[SourceTitle "CBM 188 Extra"]
[Source "ChessBase"]
[SourceDate "2019.02.26"]
[SourceVersion "1"]
[SourceVersionDate "2019.02.26"]
[SourceQuality "1"]

1. e4 e5 2. Nf3 Nc6 3. Bc4 Nf6 4. Ng5 d5 5. exd5 Na5 6. Bb5+ c6 7. dxc6 bxc6 8. Qf3 Be7 9. Bxc6+ Nxc6 10. Qxc6+ Bd7 11. Qc4 0-0 12. Nc3 Ng4 13. Nf3 Rc8 14. Qd3 f5 15. h3 e4 16. Qd5+ Rf7 17. hxg4 exf3 18. gxf3 Rc5 19. Qd4 Qc7 20. gxf5 Bxf5 21. b4 Re5+ 22. Kd1 Bf6 23. Rh4 Re1+ 24. Kxe1 Bxd4 25. Rxd4 Qe5+ 26. Re4 Bxe4 27. fxe4 Qd4 28. f4 Rxf4 0-1

[Event "Ghent Eastman op 41st"]
[Site "Ghent"]
[Date "2018.07.16"]
[Round "5"]
[White "Smekens, Ruben"]
[Black "Hamblok, Roel"]
[Result "0-1"]
[WhiteElo "2065"]
[BlackElo "2286"]
[PlyCount "68"]
[EventDate "2018.07.14"]
[EventType "swiss"]
[EventRounds "9"]
[EventCountry "BEL"]
[SourceTitle "CBM 185 Extra"]
[Source "ChessBase"]
[SourceDate "2018.07.29"]
[SourceVersion "1"]
[SourceVersionDate "2018.07.29"]
[SourceQuality "1"]

1. e4 c6 2. d4 d5 3. Nc3 dxe4 4. Nxe4 Nd7 5. Bc4 Ngf6 6. Ng3 e6 7. Nf3 Be7 8. Qe2 0-0 9. Bd2 a6 10. 0-0 b5 11. Bxe6 fxe6 12. Qxe6+ Kh8 13. Ng5 Nc5 14. Qe2 Ng4 15. Nxh7 Kxh7 16. dxc5 Bxc5 17. Qe4+ Kh8 18. Be3 Nxe3 19. fxe3 Bd7 20. Kh1 Qg5 21. Rf4 Rxf4 22. exf4 Qh6 23. Rd1 Re8 24. Qd3 Bg4 25. Rf1 Qe6 26. f5 Qd5 27. Qxd5 cxd5 28. h3 Re3 29. f6 Be6 30. Nh5 g6 31. Ng7 Bf7 32. c3 Bd6 33. Rd1 Bg3 34. h4 Bxh4 0-1

[Event "BEL-ch U20"]
[Site "Blankenberge"]
[Date "2014.04.14"]
[Round "2"]
[White "Smekens, Ruben"]
[Black "Harutyunyan, Axel"]
[Result "1-0"]
[WhiteElo "2003"]
[BlackElo "1805"]
[PlyCount "77"]
[EventDate "2014.04.??"]
[EventType "swiss"]
[EventRounds "9"]
[EventCountry "BEL"]
[SourceTitle "EXT 2015"]
[Source "ChessBase"]
[SourceDate "2014.11.20"]
[SourceVersion "1"]
[SourceVersionDate "2014.11.20"]
[SourceQuality "1"]

1. b3 e5 2. Bb2 d6 3. e4 Nf6 4. Nc3 Be7 5. Nf3 Nbd7 6. d4 0-0 7. Be2 c6 8. 0-0 b5 9. a3 Bb7 10. dxe5 Nxe5 11. Nxe5 dxe5 12. Bd3 a6 13. Ne2 Qc7 14. f4 c5 15. Bxe5 Qb6 16. c4 Ng4 17. Qe1 Rad8 18. Qg3 Nxe5 19. fxe5 bxc4 20. Bxc4 Bxe4 21. Nc3 Bb7 22. Rad1 Qh6 23. Rxd8 Bxd8 24. Qf2 Bg5 25. Kh1 Be3 26. Qf5 Qg6 27. Qxg6 hxg6 28. e6 Bd4 29. e7 Rb8 30. Bxf7+ Kh7 31. e8Q Rxe8 32. Bxe8 Bxc3 33. Bf7 Bb2 34. Rf4 g5 35. Ra4 Bc3 36. Rc4 Bb2 37. Rxc5 Kh6 38. Rc7 Be4 39. Ra7 1-0

[Event "BEL-ch op"]
[Site "Antwerp"]
[Date "2013.07.11"]
[Round "6"]
[White "Beukema, Jasper"]
[Black "Smekens, Ruben"]
[Result "0-1"]
[WhiteElo "1730"]
[BlackElo "1931"]
[PlyCount "106"]
[EventDate "2013.07.06"]
[EventType "swiss"]
[EventRounds "9"]
[EventCountry "BEL"]
[SourceTitle "CBM 155 Extra"]
[Source "ChessBase"]
[SourceDate "2013.08.26"]
[SourceVersion "1"]
[SourceVersionDate "2013.08.26"]
[SourceQuality "1"]

1. e4 c5 2. Nf3 Nc6 3. d4 cxd4 4. Nxd4 Nf6 5. Nc3 d6 6. Be3 Ng4 7. Bb5 Qc7 8. Nd5 Qd7 9. Nb4 a6 10. Nbxc6 axb5 11. Nb4 Nxe3 12. fxe3 e6 13. Nd3 e5 14. Nb3 Qg4 15. Qxg4 Bxg4 16. 0-0 Be7 17. Nb4 0-0 18. Nd5 Bg5 19. a3 Be6 20. Rad1 Rac8 21. c3 Rc4 22. Na5 Rxe4 23. Nxb7 Bxe3+ 24. Nxe3 Rxe3 25. Nxd6 Re2 26. Rf2 Rxf2 27. Kxf2 Rd8 28. Rd2 Kf8 29. Ne4 Rxd2+ 30. Nxd2 Ke7 31. Ke3 f6 32. Ne4 h6 33. Nc5 Bd5 34. g3 Kd6 35. b4 Bc6 36. Kd3 Kd5 37. Nb3 f5 38. Na5 e4+ 39. Ke3 Bd7 40. Nb7 g5 41. Nc5 Be8 42. Nb7 Ke5 43. Nc5 f4+ 44. Ke2 Bh5+ 45. Kf1 e3 46. Nb3 Bf7 47. Nc5 Bc4+ 48. Kg2 Bd5+ 49. Kf1 f3 50. Nd3+ Kf5 51. Nb2 Ke4 52. a4 Be6 53. a5 Bh3+ 0-1

[Event "Geraardsbergen op 28th"]
[Site "Geraardsbergen"]
[Date "2012.08.12"]
[Round "4"]
[White "Hovhannisyan, Mher"]
[Black "Smekens, Ruben"]
[Result "1-0"]
[WhiteElo "2485"]
[BlackElo "1884"]
[PlyCount "104"]
[EventDate "2012.08.11"]
[EventType "swiss"]
[EventRounds "9"]
[EventCountry "BEL"]
[SourceTitle "EXT 2013"]
[Source "ChessBase"]
[SourceDate "2012.11.22"]
[SourceVersion "1"]
[SourceVersionDate "2012.11.22"]
[SourceQuality "1"]

1. e4 c6 2. c4 d5 3. cxd5 cxd5 4. d4 Nf6 5. Nc3 Nc6 6. Nf3 Bg4 7. exd5 Nxd5 8. Bc4 e6 9. Bxd5 exd5 10. 0-0 Be7 11. Qb3 Nb4 12. Qa4+ Bd7 13. Qd1 Bg4 14. a3 Nc6 15. h3 Bxf3 16. Qxf3 Nxd4 17. Qd3 Nc6 18. Nxd5 0-0 19. Nxe7+ Qxe7 20. Be3 Rfd8 21. Qc3 Rd5 22. Rfd1 Qe4 23. Qb3 Rxd1+ 24. Rxd1 Qe7 25. Qb5 a6 26. Qg5 Rd8 27. Rxd8+ Qxd8 28. Qxd8+ Nxd8 29. Kf1 Kf8 30. Ke2 Ke8 31. Kd3 Kd7 32. Ke4 Nc6 33. Kd5 Ne7+ 34. Kc5 Nc8 35. Bd4 f6 36. f4 Ke6 37. g4 g6 38. a4 f5 39. g5 Nd6 40. b4 Ne4+ 41. Kb6 Kd5 42. Bg7 Kc4 43. Bf8 Nc3 44. Kxb7 Nxa4 45. Kxa6 Kd3 46. Bg7 Kc4 47. Ka5 Nc5 48. bxc5 Kxc5 49. Be5 Kd5 50. Kb5 Ke4 51. Kc5 Kf3 52. Kd5 Kg3 1-0

[Event "BEL-ch op"]
[Site "Lommel"]
[Date "2012.07.04"]
[Round "5"]
[White "Schenning, Albert AM"]
[Black "Smekens, Ruben"]
[Result "1/2-1/2"]
[WhiteElo "2016"]
[BlackElo "1864"]
[PlyCount "68"]
[EventDate "2012.06.30"]
[EventType "swiss"]
[EventRounds "9"]
[EventCountry "BEL"]
[SourceTitle "EXT 2013"]
[Source "ChessBase"]
[SourceDate "2012.11.22"]
[SourceVersion "1"]
[SourceVersionDate "2012.11.22"]
[SourceQuality "1"]

1. e4 c6 2. d4 d5 3. Nc3 dxe4 4. Nxe4 Nf6 5. Ng3 e6 6. Nf3 Be7 7. Bd3 Nbd7 8. 0-0 b6 9. Re1 Bb7 10. Qe2 c5 11. Be3 Rc8 12. c3 Qc7 13. Ba6 Bxa6 14. Qxa6 Nd5 15. dxc5 Bxc5 16. Bxc5 Nxc5 17. Qb5+ Qc6 18. Qxc6+ Rxc6 19. Nd4 Rc7 20. Nb5 Rd7 21. Rad1 a6 22. Rxd5 axb5 23. Rxd7 Kxd7 24. Ne4 Nxe4 25. Rxe4 Kc6 26. Rd4 Ra8 27. a3 Ra4 28. Rd8 Ra7 29. Kf1 Rd7 30. Rxd7 Kxd7 31. Ke2 Kd6 32. Kd3 Kc5 33. b3 f6 34. Ke4 Kd6 1/2-1/2

[Event "BEL-ch U18/20"]
[Site "Bruges"]
[Date "2012.04.14"]
[Round "9"]
[White "Smekens, Ruben"]
[Black "Schumacher, Raoul"]
[Result "1-0"]
[WhiteElo "1835"]
[BlackElo "1477"]
[PlyCount "103"]
[EventDate "2012.04.08"]
[EventType "swiss"]
[EventRounds "9"]
[EventCountry "BEL"]
[SourceTitle "CBM 147 Extra"]
[Source "ChessBase"]
[SourceDate "2012.04.24"]
[SourceVersion "1"]
[SourceVersionDate "2012.04.24"]
[SourceQuality "1"]

1. e4 d6 2. d4 g6 3. Nc3 Bg7 4. Nf3 e6 5. Be2 b6 6. 0-0 Bb7 7. Be3 a6 8. Re1 h6 9. a4 Nd7 10. Qd2 Ne7 11. Rad1 Rc8 12. Bc4 Nf6 13. d5 e5 14. Qe2 Ra8 15. b4 0-0 16. Bb3 Ng4 17. Na2 Nxe3 18. Qxe3 f5 19. exf5 Nxf5 20. Qd3 Kh7 21. c4 Bc8 22. Bc2 Qf6 23. Qe2 Nh4 24. Be4 Bf5 25. Nxh4 Qxh4 26. Nc3 h5 27. f3 Bh6 28. Qf2 Qf6 29. Re2 Rf7 30. Rb1 h4 31. c5 bxc5 32. bxc5 h3 33. c6 hxg2 34. Rb7 Bf4 35. Qxg2 Kg7 36. Bxf5 Qxf5 37. Ne4 Rh8 38. Qg4 Qxg4+ 39. fxg4 g5 40. Kg2 Kg6 41. h3 Rfh7 42. Nf2 Ra8 43. Reb2 Be3 44. R2b3 Bb6 45. Ne4 Rf8 46. Nxd6 Rf2+ 47. Kg3 Rf1 48. R3xb6 cxb6 49. Rxh7 Kxh7 50. c7 Rc1 51. c8Q Rxc8 52. Nxc8 1-0

[Event "BEL-ch U18/20"]
[Site "Bruges"]
[Date "2012.04.11"]
[Round "5"]
[White "Smekens, Ruben"]
[Black "Gijsen, Michelle"]
[Result "1-0"]
[WhiteElo "1835"]
[BlackElo "1730"]
[PlyCount "55"]
[EventDate "2012.04.08"]
[EventType "swiss"]
[EventRounds "9"]
[EventCountry "BEL"]
[SourceTitle "CBM 147 Extra"]
[Source "ChessBase"]
[SourceDate "2012.04.24"]
[SourceVersion "1"]
[SourceVersionDate "2012.04.24"]
[SourceQuality "1"]

1. e4 e5 2. Nf3 Nc6 3. d4 exd4 4. Bc4 Nf6 5. e5 d5 6. Bb5 Ne4 7. Nxd4 Bd7 8. Bxc6 bxc6 9. 0-0 Bc5 10. Be3 0-0 11. f3 Ng5 12. f4 Ne4 13. Nd2 Nxd2 14. Qxd2 Bb6 15. Nb3 Qe7 16. Rae1 Bf5 17. a4 Rab8 18. a5 Bxe3+ 19. Rxe3 Qb4 20. Qe2 d4 21. Rg3 d3 22. Qh5 Bg6 23. Qh3 dxc2 24. f5 Bxf5 25. Qxf5 Qc4 26. Rc3 Qd5 27. Qxc2 Qxe5 28. Kh1 1-0

[Event "BEL-ch U18/20"]
[Site "Bruges"]
[Date "2012.04.09"]
[Round "2"]
[White "Vintioen, Ben"]
[Black "Smekens, Ruben"]
[Result "1/2-1/2"]
[WhiteElo "1937"]
[BlackElo "1835"]
[PlyCount "74"]
[EventDate "2012.04.08"]
[EventType "swiss"]
[EventRounds "9"]
[EventCountry "BEL"]
[SourceTitle "CBM 147 Extra"]
[Source "ChessBase"]
[SourceDate "2012.04.24"]
[SourceVersion "1"]
[SourceVersionDate "2012.04.24"]
[SourceQuality "1"]

1. e4 e5 2. f4 d5 3. exd5 c6 4. dxc6 Nxc6 5. Bc4 exf4 6. d3 Qh4+ 7. Kf1 Bd6 8. Nf3 Qf6 9. Nc3 Nge7 10. Ne4 Qh6 11. Nxd6+ Qxd6 12. Ng5 0-0 13. Qh5 Qg6 14. Qh4 h6 15. Nf3 Qg4 16. Qxg4 Bxg4 17. Bxf4 Ng6 18. Be3 Rfe8 19. Kf2 Rad8 20. Rhe1 Nge7 21. Bc5 Ng6 22. Rxe8+ Rxe8 23. Re1 Rxe1 24. Nxe1 b6 25. Bd6 Bd7 26. Nf3 Nge7 27. Ne5 Be8 28. Nxc6 Nxc6 29. Ke3 g6 30. Ke4 Kg7 31. Bb5 f5+ 32. Kd5 Ne7+ 33. Kc4 Nc6 34. b4 Bf7+ 35. Kc3 Bd5 36. g3 Kf6 37. Kd2 Nd4 1/2-1/2

[Event "BEL-ch U18/20"]
[Site "Houffalize"]
[Date "2011.04.21"]
[Round "7"]
[White "Degrande, Marigje"]
[Black "Smekens, Ruben"]
[Result "1/2-1/2"]
[WhiteElo "1902"]
[BlackElo "1847"]
[PlyCount "24"]
[EventDate "2011.04.17"]
[EventType "swiss"]
[EventRounds "9"]
[EventCountry "BEL"]
[SourceTitle "EXT 2012"]
[Source "ChessBase"]
[SourceDate "2011.11.24"]
[SourceVersion "1"]
[SourceVersionDate "2011.11.24"]
[SourceQuality "1"]

1. d4 Nf6 2. c4 c5 3. Nf3 e6 4. Nc3 cxd4 5. Nxd4 Nc6 6. Nb3 d6 7. e4 b6 8. Be2 Bb7 9. Bg5 Be7 10. 0-0 h6 11. Be3 Rc8 12. Rc1 Ne5 1/2-1/2

[Event "BEL-ch U18/20"]
[Site "Houffalize"]
[Date "2011.04.20"]
[Round "5"]
[White "Vincent, Gwijde"]
[Black "Smekens, Ruben"]
[Result "1-0"]
[WhiteElo "1701"]
[BlackElo "1847"]
[PlyCount "94"]
[EventDate "2011.04.17"]
[EventType "swiss"]
[EventRounds "9"]
[EventCountry "BEL"]
[SourceTitle "EXT 2012"]
[Source "ChessBase"]
[SourceDate "2011.11.24"]
[SourceVersion "1"]
[SourceVersionDate "2011.11.24"]
[SourceQuality "1"]

1. e4 e6 2. Nf3 c5 3. c3 Nc6 4. d4 cxd4 5. cxd4 d5 6. e5 Bb4+ 7. Nc3 Nge7 8. Bb5 Qa5 9. Bd2 0-0 10. Bd3 h6 11. h3 Qb6 12. a3 Bxc3 13. bxc3 Na5 14. Rb1 Qc7 15. Nh2 Nc4 16. Qc1 Nxd2 17. Qxd2 Bd7 18. Ng4 Nf5 19. Bxf5 exf5 20. Ne3 Be6 21. f4 Rfc8 22. Rb3 a5 23. a4 Qd7 24. Rb5 Qc6 25. c4 Rd8 26. c5 Qc7 27. Qc2 Qd7 28. 0-0 g6 29. Rfb1 Ra7 30. Qb3 Rb8 31. Rb6 Qe7 32. Nxd5 Bxd5 33. Qxd5 Rd8 34. Qc4 Qd7 35. Rxg6+ Kf8 36. Rd6 Qe7 37. Rxh6 Kg7 38. Rf6 b6 39. Rbxb6 Rad7 40. Rbd6 Rxd6 41. Rxd6 Rb8 42. Rb6 Rxb6 43. cxb6 Qb7 44. Qb3 Qe4 45. b7 Qxd4+ 46. Kh2 Kh6 47. b8Q Kg7 1-0